000 00618nam a2200181 i 4500
001 124818
003 ES-MaACL
005 20230906192514.0
007 t|
008 070420s1941 sp ||||1| spa d
245 0 0 _aProcedimiento administrativo del Régimen Obligatorio de subsidios familiares.
260 _aMadrid :
_bCaja Nacional de Subsidios Familiares,
_c1941.
300 _a383 p. ;
_c20 cm.
490 1 _aPublicaciones del Instituto Nacional de Previsión ;
_v519
830 0 _aPublicaciones del Instituto Nacional de Previsión ;
_v519
_9181151
852 _aES-MaACL
_jC-12653(4)
999 _c124818
_d124818